000 00301nam a22001337a 4500
008 180917b xxu||||| |||| 00| 0 eng d
020 _a9780878936960
041 _aeng
080 _a611.085
100 _a9
101 _aHIS
245 _aAtlas Descriptive Histology
_cRoss.M.H
942 _2udc
_cBK
999 _c47850
_d47850